00666nam a2200169 a 450000100100000000500170001000800410002704000250006808200160009310000260010924500690013526000760020430000200028004900090030095201720030999900150048100000834920200929161330.0090916s1937 dr c 000 0 spa d aDO-SdBNPbspacBNPHU axxxxbM844t1 aMorera, José92254410aTrujillo en la poesía como motivo inspirador /cJosé Morera. aSantiago de los Caballeros, República Dominicana :bEl diario,c1937. a73 p. ;c19 cm. aBNPD 001050718RVaPDbPDcHDd2009-09-16iLF1l0oxxxx M844tp8349-10r2020-06-25w2020-06-25y1zPerteneció a la biblioteca personal de Martínez Boog.ZNo se presta c8120d8120